00548nam a22001697a 4500003000500000005001700005008004100022038001400063082001200077100001800089245011500107260003700222300003300259500001600292650004000308700003000348NUST20190630125204.0190630b ||||| |||| 00| 0 eng d aAttaullah a620.005 aHayat, Waleed aAn Analysis of factors affecting the performance of project in Oil and Gas Sector of Pakistan /cWaleed Hayat. aIslamabad :bCEME - NUST,c2018. axiii, 133 p. : ill. ;c30cm. aHard Cover. aEngineering Management - MS Thesis. aDr. Tasweer Hussain Shah.